| 000 | 01506nam a22002177a 4500 | ||
|---|---|---|---|
| 999 |
_c6641 _d6641 |
||
| 003 | AR-CdUCM | ||
| 008 | 190318b ||||| |||| 00| 0 spa d | ||
| 040 |
_aMUNICIPALIDAD PROVINCIAL DEL CUSCO _cBIBLIOTECA MUNICIPAL DEL CUSCO |
||
| 082 |
_a973 / _bB29 |
||
| 100 |
_aBeard, Charles Austin _918673 |
||
| 245 |
_aHistoria de la civilización de los Estados Unidos de Norte América : _bDesde sus orígenes hasta el presente / |
||
| 260 |
_aBuenos Aires : _bKraft, _c1946. |
||
| 300 |
_a4 tomos ; _c24 cm. |
||
| 505 | _aContenido : t.1 : La era agrícola -- El secreto colonial de Inglaterra -- Colocación de los cimientos de las colonias en Norte América -- El desarrollo de la potencia económica y política -- Norte América provincial -- El choque entre la metrópoli y la colonia -- t 2 : El imperialismo agrícola y la balanza del poder -- La joven república -- Nuevos estados agrícolas -- La democracia Jacksoniana -- Rumbo al oeste hacia el pacifico -- t.3 : La era industrial -- Se aproxima el conflicto irreprimible -- La segunda revolución Norteamericana -- El continente acaba de completarse -- El triunfo de la empresa comercial -- t.4 : Norte América imperial -- Hacia la democracia social -- Norte América en la balanza del poder -- En busca de la normalidad -- Se disuelve el espejismo ... | ||
| 650 |
_aLa era agrícola _918674 |
||
| 650 |
_aLa era industrial _918675 |
||
| 650 |
_aNorte América _92819 |
||
| 700 |
_aBeard, Mary R _918676 |
||
| 942 |
_2ddc _cLIBROS |
||
| 945 | _arah | ||